|
|
|
|
| LEADER |
01806nam a2200433Ia 4500 |
| 001 |
EBC459717 |
| 003 |
MiAaPQ |
| 005 |
20200520144314.0 |
| 006 |
m o d | |
| 007 |
cr cn||||||||| |
| 008 |
060516s2006 dcuab sb i001 0 eng d |
| 010 |
|
|
|z 2006276454
|
| 020 |
|
|
|z 0821364553
|
| 020 |
|
|
|z 0804755310 (soft cover)
|
| 020 |
|
|
|z 0804755329 (soft cover)
|
| 020 |
|
|
|a 0821364561 (electronic bk.)
|
| 035 |
|
|
|a (MiAaPQ)EBC459717
|
| 035 |
|
|
|a (Au-PeEL)EBL459717
|
| 035 |
|
|
|a (CaPaEBR)ebr10118531
|
| 035 |
|
|
|a (CaONFJC)MIL37332
|
| 035 |
|
|
|a (OCoLC)65196948
|
| 040 |
|
|
|a MiAaPQ
|c MiAaPQ
|d MiAaPQ
|
| 050 |
|
4 |
|a HC187
|b .T366 2006
|
| 100 |
1 |
|
|a Thomas, Vinod,
|d 1949-
|
| 245 |
1 |
0 |
|a From inside Brazil
|h [electronic resource] :
|b development in a land of contrasts /
|c Vinod Thomas.
|
| 260 |
|
|
|a Washington, D.C. :
|b Stanford Economics and Finance :
|b World Bank,
|c c2006.
|
| 300 |
|
|
|a xviii, 153 p. :
|b ill., maps.
|
| 500 |
|
|
|a "A copublication of Stanford Economics and Finance, an imprint of Standford University Press, and the World Bank."
|
| 504 |
|
|
|a Includes bibliographical references (p. [139]-145) and index.
|
| 505 |
2 |
|
|a Introduction -- A world of difference -- Welfare -- Productivity -- Sustainability -- Institutions -- Quality -- Brazil's agenda
|
| 533 |
|
|
|a Electronic reproduction. Ann Arbor, MI : ProQuest, 2015. Available via World Wide Web. Access may be limited to ProQuest affiliated libraries.
|
| 650 |
|
0 |
|a Economic history.
|
| 651 |
|
0 |
|a Brazil
|x Economic conditions
|y 1945-
|
| 651 |
|
0 |
|a Brazil
|x Economic policy.
|
| 651 |
|
0 |
|a Brazil
|x Politics and government.
|
| 655 |
|
4 |
|a Electronic books.
|
| 710 |
2 |
|
|a World Bank.
|
| 710 |
2 |
|
|a ProQuest (Firm)
|
| 856 |
4 |
0 |
|u https://ebookcentral.proquest.com/lib/matrademy/detail.action?docID=459717
|z Click to View
|